Statistics for Countries That End in NA - One Minute Sprint

Click here to take the quiz!

General Stats

  • This quiz has been taken 35 times
  • The average score is 3 of 6

Answer Stats

country% Correct
Ghana
93%
Argentina
57%
China
57%
Guyana
57%
Botswana
46%
Bosnia and
Herzegovina
29%

Score Distribution

Percentile by Number Answered

Percent of People with Each Score

Your Score History

You have not taken this quiz